[Event "Dyfed Open"]
[Site "Fishguard"]
[Date "2017.02.25"]
[Round "2"]
[White "Bridges, Paul"]
[Black "Bourne, Johnathan D"]
[Result "0-1"]
[WhiteElo "1781"]
[BlackElo "1948"]
[Annotator "Rudy"]
[PlyCount "58"]
[EventDate "2017.02.24"]
[EventType "swiss"]
[EventRounds "5"]
[EventCountry "WLS"]

1. e4 e6 2. d4 d5 3. e5 c5 4. c3 Nc6 5. Nf3 Bd7 6. Bd3 Qc7 {uncommon} (6...
cxd4 7. cxd4 Qb6) 7. O-O h6 {rare} (7... cxd4) (7... f6) 8. Be3 (8. Re1) 8...
O-O-O (8... cxd4 9. Bxd4 Nxd4 10. cxd4 Ne7 11. Nc3 a6 12. a3 g6 {Heiss-Kuntz,
Bahn ch Borkum 1996,1/2-1/2}) (8... c4 9. Bc2 Be7 10. Nbd2 O-O-O 11. b3 Na5 12.
bxc4 dxc4 13. Ne4 {Paldus-Baramov, Kesarovski Georgiev mem, Sunny Beach 2010,
1-0}) 9. a4 (9. Nbd2 f5 10. h4 Be8 11. Be2 Bh5 12. a4 Qf7 {Guo-Lau, World ol
U16 Singapore 2007,0-1}) 9... f6 (9... c4) 10. exf6 gxf6 (10... Nxf6 $11) 11.
Na3 (11. dxc5 Ne5 12. Nxe5 fxe5 13. b4 $16 {Komodo10}) 11... a6 (11... c4) 12.
dxc5 $16 e5 13. Be2 (13. Nb5 $18 {Komodo10} Qb8 (13... axb5 14. axb5 Nb8 15. b4
e4 $2 (15... Bg4 16. Ra8 Re8 17. b6 Qd7 18. Rxb8+ Kxb8 19. Qa1 Bd6 20. cxd6
Qxd6 21. Bb5 $18) 16. b6 Qc6 17. Nd4 $18 {wins Q}) 14. Nh4 e4 15. Be2 Ne5 16.
Nd6+ Bxd6 17. cxd6 Qxd6 18. b4 $18 {Komodo10}) 13... e4 14. Nd2 (14. Nh4 $18) (
14. Nd4 $18 Bxc5 15. Nab5 $1 {Komodo10}) 14... Be6 (14... h5) 15. Bd4 (15. b4
$18) 15... Bg7 16. b4 $18 Nxd4 17. cxd4 f5 18. Nb3 (18. b5) 18... f4 19. b5 (
19. c6 $1 bxc6 20. Bxa6+ Kd7 21. Rc1 f3 22. Nc5+ Ke7 23. Nxe6 Kxe6 24. gxf3 $18
{Komodo10}) 19... f3 20. gxf3 Bh3 21. bxa6 Bxd4 $5 (21... Qf4 22. Kh1 exf3 23.
Rg1 Bg2+ 24. Rxg2 fxg2+ 25. Kxg2 Nf6 26. axb7+ $18 {Komodo10}) 22. Qxd4 Nf6 (
22... Ne7 23. Kh1 Bxf1 24. Bxf1 Nc6 25. Qb2 $18 (25. Nb5 $18 Nxd4 26. Bh3+ Rd7
27. a7 Nc6 28. a8=Q+ Qb8 29. Qxb8+ Nxb8 30. fxe4 dxe4 31. N3d4 $18 {Komodo10}))
23. Kh1 Rhg8 24. Rg1 Bg2+ 25. Rxg2 Rxg2 26. Kxg2 (26. axb7+) 26... Rg8+ 27. Kh1
(27. Kf1 $1 Qxh2 28. axb7+ Kxb7 (28... Kb8 29. Ke1) 29. Ba6+ Kb8 30. Qxf6 $18 {
Komodo10}) 27... Qg7 $17 28. axb7+ Kxb7 $2 (28... Kd7 29. c6+ Ke6 30. Qe5+ Kxe5
31. b8=Q+ Rxb8 32. Rg1 Qc7 $17 {Komodo10}) 29. Na5+ (29. Qb4+ $1 $18 Ka8 30.
Qa5+ Kb8 31. Qb6+ Ka8 32. Qc6+ Kb8 33. Qd6+ Ka8 34. Qg3 $18 {Komodo10}) 29...
Ka8 0-1

[Event "Dyfed Open"]
[Site "Fishguard"]
[Date "2017.02.25"]
[Round "2"]
[White "Van Kemenade, Rudy"]
[Black "Thomas, Roy"]
[Result "1-0"]
[WhiteElo "1947"]
[BlackElo "1718"]
[Annotator "Rudy"]
[PlyCount "83"]
[EventDate "2017.02.24"]
[EventType "swiss"]
[EventRounds "5"]
[EventCountry "WLS"]

1. f4 d5 2. Nf3 Nf6 3. g3 g6 4. Bg2 Bg7 5. d3 O-O 6. O-O c6 7. c3 Qb6+ 8. e3 (
8. Kh1 Ng4 9. Qe1 {Bl's intention} f5 (9... Ne3 10. Bxe3 Qxe3 11. d4) 10. h3
Nf6 11. Na3 Be6 (11... e6 12. Nc2 Nbd7 13. a4 a5 14. Ne5 Nxe5 15. fxe5 Nd7 16.
d4 {Tasic-Skoko, Gligoric cup Kraljevo 2015,1/2-1/2})) 8... Ng4 (8... Bg4 {main
}) 9. Qe2 f5 10. h3 Nf6 (10... Nh6 11. Kh2 Nf7 12. d4 (12. e4 $11) 12... Nd7
13. Nbd2 Nf6 14. b3 $11 {Ditz-Mueller, Oberliga Nord 1995,1-0}) 11. Kh2 Qc7 (
11... Nbd7 12. Nbd2 Nc5 13. Ne5 Qa6 14. Re1 Rd8 15. b4 Na4 16. Nb1 Nd7 17. d4
Qxe2 18. Rxe2 Bxe5 19. fxe5 b6 20. b5 Bb7 $11 {Swanson-Coleman, USA op Chicago
1994,1-0}) 12. Nbd2 b6 13. Ne5 {probably too early as it allows lots of
exchanges} (13. b3 {prepares c4 & gets B on long diagonal}) 13... Ba6 14. c4
Nbd7 15. Ndf3 (15. d4 Nxe5 16. fxe5 Ne4 17. b3 c5 $11 {Komodo10}) 15... Nxe5 (
15... dxc4 16. dxc4 (16. Nxc4 Bxc4 17. dxc4 e5 $15) 16... Ne4 17. Nxd7 Qxd7 18.
Rd1 Qe6 19. Nd4 Bxd4 20. Rxd4 c5 21. Rxe4 fxe4 22. b3 Bb7 $17 {Komodo10}) 16.
Nxe5 e6 (16... dxc4 17. Nxc4 Bxc4 18. dxc4 e5 $15 (18... Rad8 $15 {Komodo10}))
17. b3 $11 Nd7 18. d4 (18. Nxd7 Qxd7 (18... Bxa1 19. Nxf8 Qf7 (19... Rxf8 20.
Ba3 $18) 20. Nxh7 Kxh7 21. d4 Bc3 22. Ba3 $18) 19. Bb2 $11 {pm analysis}) 18...
Nxe5 19. fxe5 (19. dxe5 Rad8 $11 {Komodo10}) 19... Rf7 (19... c5 20. Qe1 $11 {
Komodo10} dxc4 21. Bxa8 Rxa8 22. Rf2 cxb3 23. axb3 Bb7 24. Bb2 Bd5 $11) (19...
Rac8 20. Ba3 c5 21. Rac1 Rfd8 $15 {Komodo10}) 20. Ba3 Bf8 {swaps off Wh's bad
B, while leaving his own on the board} (20... Rd8 21. Qc2 c5 $11) 21. Bxf8
Raxf8 22. Rac1 Qc8 {Bl is going too defensive} (22... c5 $11) 23. Qd2 {keeping
an eye on f4} Rc7 24. Rc3 Qd7 (24... c5 $11) 25. Rfc1 Rfc8 26. Qc2 (26. R1c2
Bb7 27. Qc1 c5 $11) 26... Bb7 (26... dxc4 {pm analysis} 27. bxc4 b5 28. Ra3 {
Komodo10} (28. cxb5 Bxb5 29. a4 Ba6 30. Bxc6 $18) 28... Bb7 29. Rxa7 $18) 27.
cxd5 exd5 28. b4 Qe7 $2 (28... Ba6 {Rudy} 29. Bf3 Bc4 30. g4 Qe6 31. gxf5 gxf5
32. Rg1+ Rg7 33. Rxg7+ Kxg7 34. Qf2 $14 {Komodo10}) 29. Bxd5+ $18 Kg7 30. Bg2 (
30. a3) (30. b5 c5 31. Bxb7 Rxb7 32. dxc5 Qxe5 (32... bxc5 33. Rxc5 Rxc5 34.
Qxc5 $18) 33. c6 $18) 30... c5 (30... Qxb4 31. d5 c5 32. d6 (32. e6 c4 33. e4
$18 {Komodo10}) 32... Bxg2 (32... Rd7 33. e6 $18) 33. Qxg2 (33. dxc7 Be4 34.
Qd2 Rxc7 $11 {Komodo10}) 33... Rd7 34. Rc4 Qb5 35. e6 Rxd6 36. Qb7+ Kf6 37.
Qxc8 Qb2+ 38. Kg1 Qe2 39. Qh8+ Kxe6 40. Rf1 Qxe3+ 41. Kh1 $18 Rd2 42. Qe8+) 31.
Bxb7 Rxb7 32. bxc5 (32. e4 fxe4 33. Qxe4 $18 {Komodo10}) 32... bxc5 33. Rxc5
Rxc5 34. Qxc5 Qe6 (34... Rb2+ {worth a try} 35. Kh1 {only move} (35. Rc2 $2
Qxc5 $19) (35. Kg1 $2 Qg5 $19) 35... Qg5 36. Qxa7+ Kh6 37. Rc7 $18) 35. Rc2 Qa6
36. Qc4 (36. d5 Qf1 37. e6 Rb1 38. Qd4+ Kh6 39. Qh4+ Kg7 40. Rc7+ Kg8 41. Qd8#)
36... Qa5 (36... Qb6 37. d5 Qxe3 (37... Qb1 38. e6 Rb2 39. Qd4+) 38. Qc8 Rf7
39. e6 Rf8 40. Qb7+ Kh6 41. Qe7 Rc8 42. Rg2 Rc1 43. d6 $18) 37. d5 Qe1 38. Qc8
(38. Qe2 Qa1 39. e6 Rb1 40. Qg2 (40. e7)) 38... Rb1 39. Rc7+ Kh6 40. Qf8+ Kg5
41. Qd8+ Kh6 42. Qh4# 1-0

[Event "Dyfed Open"]
[Site "Fishguard"]
[Date "2017.02.25"]
[Round "2"]
[White "Dixon, Chris"]
[Black "Francis, Matthew"]
[Result "1/2-1/2"]
[WhiteElo "1817"]
[BlackElo "1634"]
[Annotator "Rudy"]
[PlyCount "69"]
[EventDate "2017.02.24"]
[EventType "swiss"]
[EventRounds "5"]
[EventCountry "WLS"]

1. Nf3 d6 2. d3 e5 3. e4 g6 4. g3 Bg7 5. Bg2 c5 6. O-O Nc6 7. Nc3 (7. c3) 7...
Nge7 8. Bg5 (8. Be3) 8... h6 9. Be3 Be6 (9... O-O) 10. Qd2 Nd4 (10... Qd7) 11.
Ne1 (11. Bxd4 cxd4 12. Nb5 a6 13. Na3 O-O 14. Rfc1 Nc6 15. c3 {Visillac-Avedisi
isillac-Avedisian, Pan-American ch Amateur, Montevideo 2013,1-0}) 11... Qd7 12.
Ne2 (12. Nd1 h5 (12... g5 13. c3 Ndc6 14. f4 gxf4 15. gxf4 f5 $11 {
Sofronie-Florescu, Rozelo de Mai Cup , Bucharest 1999,1/2-1/2}) 13. c3 Ndc6 14.
f4 O-O-O 15. Nf3 Kb8 16. Nf2 f6 17. d4 $11 {Kogan-Feher, Budapest FS12 GM 1994,
1-0}) 12... Bh3 13. c3 Nxe2+ 14. Qxe2 h5 15. Nc2 h4 16. Rfd1 Bxg2 17. Kxg2 hxg3
18. fxg3 Qh3+ (18... O-O-O $15) (18... f5 $15) 19. Kg1 O-O-O (19... O-O $11)
20. b4 $14 f5 21. bxc5 f4 (21... dxc5 22. Bxc5 Nc6 23. d4 $14 {Komodo10}) 22.
cxd6 Nc6 (22... Rxd6 23. Bc5 Rd7 24. Qg2 $14 {Komodo10}) 23. gxf4 $16 exf4 (
23... Rh4 24. Rf1 Rxd6 25. Rad1 $16 {Komodo10}) 24. Bxf4 Bxc3 25. Rab1 Be5 26.
Bxe5 (26. Rf1 Bxf4 27. Rxf4 Rxd6 28. Rb3 Qh6 29. Rf7 b6 30. Ne3 $14 {Komodo10})
26... Nxe5 27. Ne1 (27. Qg2 Nf3+ 28. Kf2 Qh5 29. Ne3 $11 {Komodo10}) 27... Ng4
$2 (27... Rdf8 $1 28. Qc2+ (28. Rb2 Rh4 $19) 28... Nc6 29. Qg2 Qe3+ 30. Kh1
Rxh2+ 31. Qxh2 Rf1+ 32. Kg2 Rf2+ 33. Kh1 Rxh2+ 34. Kxh2 b6 $15) 28. Rdc1+ $2
$16 (28. Qc2+ Kd7 (28... Kb8 29. Qc7+ Ka8 30. Qxb7#) 29. Qc7+ Ke8 30. Qe7# {
Komodo10}) 28... Kb8 29. Rb2 (29. Nf3 Nxh2 (29... Rxd6 30. e5 $16) 30. Nxh2
Rxd6 31. Nf3 $16) (29. e5 Rh7 30. Rc7 Rxc7 31. dxc7+ Kxc7 32. Rc1+ Kb8 33. Nf3
$16 {Komodo10}) 29... Nxh2 (29... Rdf8 30. d7 Rf2 31. Rc8+ Rxc8 32. dxc8=Q+
Kxc8 33. Qxf2 Nxf2 34. Rxf2 g5 $17 {Komodo10}) 30. Rc7 (30. Qf2 Rxd6 31. Rcb1
Qg4+ 32. Qg2 b6 33. Qxg4 Nxg4 $11 {Komodo10}) 30... Qg3+ $1 $19 31. Ng2 Nf3+ $2
(31... b6 $19 {Komodo10, as Wh no longer has b7 to attack}) 32. Qxf3 Qxf3 33.
Rbxb7+ Ka8 34. Rxa7+ Kb8 35. Rab7+ 1/2-1/2

[Event "Dyfed Open"]
[Site "Fishguard"]
[Date "2017.02.25"]
[Round "2"]
[White "Eustis, Ian"]
[Black "Miller, John S"]
[Result "0-1"]
[WhiteElo "1794"]
[BlackElo "1651"]
[Annotator "Rudy"]
[PlyCount "74"]
[EventDate "2017.02.24"]
[EventType "swiss"]
[EventRounds "5"]
[EventCountry "WLS"]

1. Nf3 Nf6 2. d4 g6 3. Bf4 Bg7 4. e3 O-O 5. Bc4 d6 6. O-O Nbd7 7. c3 a6 (7...
Qe8 {main; Bl is playing against his own system}) 8. a4 b6 (8... c5 9. Nbd2 {
transposes to other sequences}) 9. Nbd2 Bb7 10. h3 c5 {and also a further
transposition to main lines} (10... Qe8) 11. Re1 (11. Qe2) 11... d5 (11... Qc7
{main, but many moves played here}) 12. Bf1 (12. Bd3 Rc8 13. Qe2 c4 14. Bc2 e6
15. Ne5 Nh5 16. Bh2 $11 {Kaluzny-Deka, Klementowice op 2011,1-0} f5) 12... Rc8
(12... e6 13. Bh2 Qe7 14. Ne5 Rfd8 15. Qc2 Bh6 16. Ndf3 {Novopashin-Simagin,
URS ch sf Moscow 1963,1/2-1/2} Rac8) 13. Ne5 Ne4 14. Nxd7 Qxd7 15. Nxe4 dxe4
16. dxc5 $16 {Wh gains a Q side pawn majority& more active Rs} Qxd1 17. Rexd1
e5 18. Bg3 Rxc5 19. Rd6 Rc6 20. Rxc6 (20. Rad1 {keeps the pressure on}) 20...
Bxc6 21. Bxa6 Ra8 22. Be2 Bxa4 (22... Rxa4 23. Rd1 Ra2 24. Rd6 $18 {Komodo10})
23. Bb5 (23. Bh4 h6 (23... f6 24. Bb5 $18 Ra5 25. Bxa4 {and the B escapes with
a ch}) 24. Be7 {activates the QB;Komodo10}) 23... Ra5 24. Rxa4 Rxb5 25. Ra8+
Bf8 26. Bh4 (26. c4 $1 Ra5 27. Rb8 (27. Rxa5 bxa5 28. Bxe5 $16) 27... f5 28. b4
Ra4 29. Bxe5 Kf7 30. Rb7+ Kg8 31. b5 Bc5 32. Bc7 Rxc4 33. Bxb6 Bxb6 34. Rxb6
$16 {Komodo10}) 26... Kg7 27. b4 $14 Rd5 28. Rc8 Rd1+ (28... b5 $11) 29. Kh2
Rc1 30. Bg3 (30. Rc6 $1 Bxb4 31. Bf6+ Kh6 32. g4 Rxc3 33. Rxb6 Ba5 34. Ra6 $16
Bb4 35. Kg3 Ra3 36. Kh4 g5+ 37. Bxg5+ Kg7 38. Rb6 $18 {Komodo10}) 30... f6 $15
{the QB is cut off} 31. Rc7+ Kh6 (31... Kg8) 32. b5 $11 Bc5 33. Rc6 (33. h4
Rxc3 34. Rf7 Rb3 35. Rxf6 Rxb5 36. Rf7 $11 {Komodo10}) 33... Kg5 34. f4+ (34.
h4+ Kf5 35. h5 g5 36. Rc7 h6 37. Rh7 Rxc3 38. Rxh6 Rb3 39. Rg6 Rxb5 40. Bxe5
fxe5 41. g4+ Kxg4 42. h6 Rb2 43. h7 Rxf2+ 44. Kh1 Rf3 45. h8=Q Bxe3 46. Rh6
Rf1+ 47. Kh2 Rf2+ {perpetual; Komodo10}) 34... exf3 $19 35. Bf2 fxg2 (35... Rc2
36. Kg1 fxg2) 36. Kxg2 Rc2 37. Rc7 Bxe3 0-1

[Event "Dyfed Open"]
[Site "Fishguard"]
[Date "2017.02.25"]
[Round "2"]
[White "Cooke, Mark"]
[Black "Whale, Michael"]
[Result "0-1"]
[WhiteElo "1644"]
[BlackElo "1788"]
[Annotator "Rudy"]
[PlyCount "94"]
[EventDate "2017.02.24"]
[EventType "swiss"]
[EventRounds "5"]
[EventCountry "WLS"]

1. e4 e5 2. d4 exd4 3. c3 d5 4. e5 (4. exd5 {main}) 4... dxc3 5. Nxc3 c6 (5...
d4 6. Ne4 Qd5 (6... Bf5)) 6. f4 (6. Nf3 {main}) 6... Ne7 $15 (6... Bb4 7. Nf3
Bg4 8. a3 Ba5 9. Be3 Qe7 10. b4 Bc7 11. Bc5 Qe6 12. Bd3 Nf6 13. O-O Nfd7 14.
Bd4 Bb6 15. f5 {Sys- Lobbes, Canarias en Red prel blitz 2004,1-0}) 7. Bd3 (7.
Be3) 7... Nd7 8. Nf3 Nc5 9. O-O Bf5 10. Bxf5 Nxf5 11. Qc2 Qd7 12. Bd2 O-O-O $15
13. a3 h5 (13... d4 14. Ne4 d3 15. Nxc5 dxc2 16. Nxd7 Rxd7 $17 {Komodo10}) 14.
Ne2 (14. Ne1 d4 15. Nd1 d3 $19) 14... Ne4 $17 (14... d4 $19) 15. b4 Kb8 16.
Ned4 Nxd4 17. Nxd4 c5 18. Nf3 Rc8 19. Qa2 Rh6 (19... Be7 $19) 20. f5 Nxd2 (
20... Ra6 $19) 21. Qxd2 Qxf5 (21... d4 $17) 22. Ne1 $5 (22. Ng5 Qd7 23. Rxf7
Be7 24. Raf1 c4 $15) 22... Qg4 (22... Qxe5 $19) 23. Rxf7 Rg6 24. Qxd5 Qd4+ 25.
Qxd4 cxd4 26. Nf3 Rd8 27. Nxd4 Bxb4 28. axb4 Rxd4 $11 29. Rc1 Rd8 30. g3 Re8
31. Rcc7 Rb6 32. Rce7 Rxe7 33. Rxe7 Rxb4 34. Rxg7 Re4 35. Rg5 a5 36. Rxh5 a4
37. e6 Rxe6 38. Ra5 Re4 (38... Ra6 $19) 39. h4 b6 40. Rf5 a3 41. Rf2 Rb4 42.
Rf8+ Kb7 43. Rf7+ Ka6 44. Rf8 Kb5 45. Kg2 a2 46. Rf5+ Ka6 47. Rf8 Ra4 0-1

[Event "Dyfed Open"]
[Site "Fishguard"]
[Date "2017.02.25"]
[Round "2"]
[White "Orton, Paul"]
[Black "Allford, Zane"]
[Result "1/2-1/2"]
[WhiteElo "1617"]
[BlackElo "1771"]
[Annotator "Rudy"]
[PlyCount "96"]
[EventDate "2017.02.24"]
[EventType "swiss"]
[EventRounds "5"]
[EventCountry "WLS"]

1. e4 e5 2. Nf3 Nf6 3. Nxe5 d6 4. Nf3 Nxe4 5. d4 d5 6. Bd3 Bg4 (6... Nc6) (6...
Be7) 7. Nbd2 (7. O-O) 7... f5 8. O-O (8. c3) 8... Be7 (8... Bd6) 9. c3 Nd7 (
9... O-O) (9... c6) 10. Qb3 Nb6 11. Ne5 Nd6 (11... Bh5 12. Bb5+ Kf8 13. f3 Nd6
14. Bd3 Be8 15. Qc2 g6 16. Re1 Nf7 17. f4 {Stieber-Kuessner,Meclenburg VP LL2,
2001,1/2-1/2}) 12. Re1 ({Stockfish8, Komodo10, Komodo10.3} 12. c4 $18) 12...
O-O 13. Qc2 Bh5 14. Ndf3 (14. a4 a5 15. Nb3 $16 {both Komodos}) (14. Nb3 $16 {
Stockfish8}) 14... Nd7 (14... Ne4 $14 {Komodo10}) 15. Nxd7 Qxd7 16. Ne5 Qc8 (
16... Qd8 {all 3 Engines}) 17. Bd2 (17. Qb3 c6 18. Nxc6 (18. c4 $16 {Stockfish8
}) 18... Qxc6 19. Rxe7 $18 {both Komodos}) 17... Ne4 18. f3 (18. c4 $16 {3
Engines}) 18... Nxd2 19. Qxd2 Bf7 (19... Bd6 $14 {3 Engines}) 20. Ng6 (20. Nc6
Bd6 21. Ne7+ Bxe7 22. Rxe7 $16 {the trio}) 20... Bg5 (20... hxg6) 21. Qxg5 (21.
Ne7+ Bxe7 22. Rxe7 $16 {as above}) 21... Bxg6 22. Re7 $16 c5 23. Rae1 cxd4 24.
cxd4 Qc6 25. R1e6 Qa4 26. Qe3 (26. Qf4 $16 {all3, allows a R back to e1 to
expell the Q after Bf1}) 26... f4 (26... Qd1+ 27. Bf1) 27. Qe5 Bf7 28. h4 (28.
Rc7 $16 {trio}) 28... Rae8 (28... Qd1+ 29. Bf1 Rac8 $15 {all 3, Wh has
backrank difficulties}) 29. h5 (29. Bxh7+ $1 Kxh7 30. Rxf7 $18 {is the verdict
of the Engines}) (29. Rxf7 Kxf7 30. b3 Rxe6 31. Qh5+ Ke7 32. bxa4 $18 {also,
but not as good; Komodo10}) 29... Rxe7 30. Rxe7 Qd1+ 31. Bf1 Qc1 (31... h6 $16
{[%emt 0:00:03] all}) 32. Qg5 (32. Rxb7 $16 {the threesome}) 32... h6 (32...
Qxb2 $14) 33. Qe5 Qe3+ (33... Qxb2 $14) 34. Qxe3 fxe3 35. Rxe3 (35. Bd3 {[%emt
0:00:03] preferred by all}) 35... Bxh5 36. Re7 Rb8 {Stockfish8 & Komodo10.3} (
36... Rf7 {Komodo10}) 37. Bd3 Be8 38. Bf5 Kf8 39. Rc7 Bc6 40. f4 (40. Bc8 $16 {
Komodo10}) 40... Re8 41. Kf2 Re7 $11 42. Rc8+ Re8 43. Kg3 Rxc8 44. Bxc8 Kf7 {
(draw?)} 45. f5 Kf6 46. Kf4 b6 47. g4 a5 48. a3 Bb5 1/2-1/2

[Event "Dyfed Open"]
[Site "Fishguard"]
[Date "2017.02.25"]
[Round "2"]
[White "Buttell, David"]
[Black "Di-Vetta, Andrew"]
[Result "1-0"]
[WhiteElo "1748"]
[BlackElo "1604"]
[Annotator "Rudy"]
[PlyCount "79"]
[EventDate "2017.02.24"]
[EventType "swiss"]
[EventRounds "5"]
[EventCountry "WLS"]

1. d4 d5 2. c4 c6 3. Nf3 Nf6 4. Nc3 g6 5. e3 Bg7 6. Bd3 (6. Be2) 6... Bg4 7. h3
Bxf3 8. Qxf3 e6 9. O-O O-O 10. c5 {committal & rare} (10. Rd1) (10. b3) 10...
Nbd7 (10... b5 11. b4 a6 12. a3 Nbd7 13. Ne2 a5 14. Bb2 axb4 15. axb4 Rxa1 16.
Rxa1 $14 {Paiva-Aguirre, Internet Dos Hermanas blitz 2004,0-1}) 11. b4 (11. Bd2
e5 $11 12. Qd1 exd4 (12... e4 13. Be2 Ne8 14. f3 f5 15. fxe4 fxe4 16. b4 $14 {
Reinke-Frantzke, Bad Woerishofen Seniors 2005,1-0}) 13. exd4 Re8 {
Oefinger-Moston, CServe email 1997,1-0}) 11... e5 12. Qd1 (12. Bc2 Nh5 13. g4
exd4 14. exd4 Bxd4 15. Bb2 (15. gxh5 Qh4 16. Bd2 Ne5 17. Qg2 Qf6 18. Bd1 a5 $11
{Komodo10}) 15... Ne5 $19 {Filler-Kokkala, OP 2012,0-1}) 12... e4 (12... Nh5
$11) (12... Ne8 $11 {both lines Cloud Engines}) 13. Be2 $14 h5 14. Bd2 Nh7 15.
b5 f5 16. Qa4 $16 Qf6 (16... Qc7) 17. bxc6 bxc6 18. Nxd5 $18 cxd5 19. Qxd7 Rfd8
20. Qa4 Qg5 {angling for an attack, but the Q has no support from her other
pieces} 21. Ba5 Rf8 22. Qc6 (22. Bc7 {prevents f4}) 22... Nf6 (22... f4 $5) 23.
Bc7 Rac8 24. Qe6+ Kh7 (24... Kh8 {is preferable, due to b7 being a Wh invasion
point &, not least , the square will be needed for the Q}) 25. Bf4 Qh4 26. Bg3
Qg5 27. h4 Qh6 28. Bf4 g5 29. hxg5 Qg6 30. gxf6 Bxf6 31. Rab1 $18 Rg8 32. Rb7+
Kh8 33. g3 {and Wh gets the h file as well} Rcf8 34. Kg2 Rg7 35. Rxg7 (35. Qxd5
) 35... Kxg7 36. Rh1 h4 37. Qxd5 Bg5 38. Bxg5 Qxg5 39. Rxh4 Kg6 40. Qe6+ (40.
Qd7 Rf7 41. Bh5+ Qxh5 42. Qe6+ Kg5 (42... Rf6 43. Qg8+) 43. Rxh5+ Kxh5 44.
Qxf7+) 1-0

[Event "Dyfed Open"]
[Site "Fishguard"]
[Date "2017.02.25"]
[Round "2"]
[White "Probert, Malcolm"]
[Black "Jones, Martin C"]
[Result "1/2-1/2"]
[WhiteElo "1598"]
[BlackElo "1733"]
[Annotator "Rudy"]
[PlyCount "66"]
[EventDate "2017.02.24"]
[EventType "swiss"]
[EventRounds "5"]
[EventCountry "WLS"]

1. Nf3 Nf6 2. g3 c5 3. Bg2 Nc6 4. c4 g6 5. O-O Bg7 6. Nc3 O-O 7. d4 cxd4 8.
Nxd4 Nxd4 9. Qxd4 d6 10. Qd3 a6 11. Rd1 (11. Bd2) 11... Qc7 12. Bf4 {rare} (12.
Bg5 {77% Wh. main}) (12. Bd2 {80% Wh}) 12... Rb8 (12... Be6 13. b3 Rac8 14.
Rac1 Nd7 15. Nd5 Bxd5 16. Qxd5 b6 17. Be3 (17. Bh3 Kh8 18. e4 Nf6 19. Qd3 Ra8
20. b4 {Prokopisin-Merenyi, HUN ch tm 2010,1-0}) 17... a5 {Gevorgyan-Baymuratov
evorgyan-Baymuratova, UZB ch women, Tashkent 2009,1/2-1/2}) 13. Rac1 Bd7 (13...
Nd7 14. Nd5 Qd8 15. b4 $16 {Decrouppe-Neuhaus, Heimbach Weis op 2002,1/2-1/2})
(13... Be6 14. Nd5 Bxd5 15. cxd5 Qa5 16. a3 Rfc8 17. e4 Nd7 {Trivunovic-Post,
U14 rapid Paris 1993,1-0}) 14. b3 (14. c5 $1 $18 {Komodo10} Qxc5 (14... Qa5 15.
cxd6 e6 16. h3 $18) 15. Nd5 Qb5 16. Nxe7+ Kh8 17. Qxd6 $18) 14... Rbc8 (14...
Rfe8) 15. e4 (15. c5 $1 Qxc5 16. Nd5 Nxd5 17. Rxc5 Nxf4 18. Rxc8 Nxd3 19. Rxf8+
Kxf8 20. Rxd3 $16 {Komodo10}) 15... Qa5 16. a4 Bc6 $11 17. Bd2 Qb6 18. Ne2 (18.
Nd5 $14) 18... Ng4 19. Rf1 Ne5 20. Qc2 Rfd8 21. a5 Qc7 22. b4 (22. Rfd1 $11)
22... Bb5 $1 $17 23. Be3 (23. Nc3 Qxc4 24. Qb1 Qd3 25. Rfd1 Qxb1 26. Rxb1 Nf3+
27. Bxf3 Bxc3 28. Bxc3 Rxc3 29. Bg2 Rdc8 $17 {Komodo10}) 23... Qxc4 $19 24.
Qxc4 Rxc4 (24... Nxc4 $19 25. Bh3 Nxe3 26. Bxc8 Nxf1 27. Kxf1 Bb2 28. Rb1 Rxc8
29. Rxb2 Rc4 $19) 25. Nd4 Rdc8 (25... Bd7 $17) 26. Nxb5 axb5 27. Rxc4 Rxc4 (
27... bxc4 $17) 28. Rc1 e6 $15 29. Bf1 Rxc1 30. Bxc1 Nc6 31. Bd2 Na7 (31... Bb2
32. Bf4 Ne5 33. Bxb5 Bc3 34. Kg2 Bxb4 35. a6 bxa6 36. Bxa6 Bc5 $15 {Komodo10}
37. Bxe5 {Rudy, opposite colour Bs} dxe5 $11) 32. Be3 Nc6 33. Bd2 Na7 1/2-1/2

[Event "Dyfed Open"]
[Site "Fishguard"]
[Date "2017.02.25"]
[Round "2"]
[White "Philpin, Les"]
[Black "Jones, Dewi"]
[Result "1-0"]
[WhiteElo "1719"]
[BlackElo "1534"]
[Annotator "Rudy"]
[PlyCount "79"]
[EventDate "2017.02.24"]
[EventType "swiss"]
[EventRounds "5"]
[EventCountry "WLS"]

1. d4 Nf6 2. Nf3 g6 3. Bf4 Bg7 4. e3 d6 5. Nbd2 O-O 6. Be2 Nbd7 7. c3 Qe8 8.
Qc2 (8. O-O {main}) 8... a6 $146 (8... e5) 9. h3 e5 10. dxe5 dxe5 11. Bh2 c6 (
11... e4 12. Nd4 c5 13. N4b3 Qe7 14. Nc4 Ne8 15. O-O b5 16. Ncd2 Bb7 17. Na5
Bd5 18. c4 bxc4 19. Ndxc4 $16 {Komodo10}) 12. O-O-O $11 {risky as Bl is ready
to launch an attack} (12. O-O $14) 12... b5 13. Nb3 a5 $15 14. Ng5 a4 15. Nd2
h6 (15... Qe7 $17) 16. Nge4 Nd5 (16... Qe7 $15) 17. Nd6 (17. a3 $11) 17... Qe7
18. Nxc8 Rfxc8 19. g4 (19. a3) 19... b4 $19 20. Nb1 bxc3 $19 (20... e4 $19) (
20... a3 $19) (20... b3 $19) (20... Nc5 $19) 21. Nxc3 N7b6 (21... a3 22. b3 Nb4
23. Qd2 Nc5 24. Qd6 Qxd6 25. Rxd6 e4 $19 {Komodo10}) 22. Kd2 {fleeing to the
safer Kside, spurned 10 moves earlier} Qh4 {wasting time; the Q side is where
the advantage lies} (22... a3 $19) (22... e4 23. Ke1 a3 $19) 23. Bg3 Qe7 24.
Ke1 (24. a3 Nxc3 25. Qxc3 e4 26. Qc2 Rd8+ 27. Ke1 Rxd1+ 28. Bxd1 Qe6 29. Kf1
Nc4 $17 {Komodo10; even if the K has escaped, Bl must still continue with the
Q side attack where he has an advantage}) 24... Nxc3 (24... a3) 25. Qxc3 e4 26.
Qc2 Qb4+ (26... a3) 27. Kf1 Qxb2 28. Qxb2 Bxb2 29. Rd2 a3 $15 30. Rc2 (30. Kg2)
30... Na4 31. Bc4 Nb6 {rtreating} (31... Nc3 32. Kg2 Ra4 33. Bb3 Rb4 34. Be5
Nxa2 35. Rxb2 axb2 36. Bxa2 Re8 37. Bc3 Ra4 38. Bb1 Rb8 $19 {Komodo10}) 32. Bf4
Nxc4 {(draw?)} 33. Rxc4 $15 Kg7 (33... g5 34. Bd6 Ra5 35. Rxe4 Rd5 36. Bb4 c5
37. Rc4 Rb8 38. Bc3 Rb5 39. Kg2 $11 {Komodo10}) (33... c5 34. Bxh6 Rab8 35. Bf4
Rb4 36. Rc2 Bf6 37. Kg2 c4 $15 {Komodo10}) 34. Rxe4 $11 Rd8 35. Ke2 Rd5 (35...
c5 36. Rc4 Rac8 $11) 36. Rd1 Rad8 37. Rxd5 Rxd5 38. Rc4 c5 39. e4 Rd4 (39...
Rd7 40. Rxc5 $16) 40. Be5+ 1-0